[Event "Popayan Yeika op 1st"]
[Site "Popayan"]
[Date "2024.10.13"]
[Round "4"]
[White "Molina Vivas, Joshua"]
[Black "Manquillo, Juan Esteban"]
[Result "0-1"]
[WhiteElo "1465"]
[BlackElo "1585"]
[PlyCount "106"]
[EventDate "2024.10.11"]
[EventType "swiss"]
[EventRounds "7"]
[EventCountry "COL"]
[SourceTitle "CB43_2024"]
[Source "Chessbase"]
[SourceDate "2024.10.23"]
[SourceVersion "1"]
[SourceVersionDate "2024.10.23"]
[SourceQuality "1"]

1. e4 c5 2. Nf3 Nc6 3. d4 cxd4 4. Nxd4 g6 5. Bc4 Bg7 6. Nb3 Nf6 7. Nc3 0-0 8. 0-0 d6 9. h3 a6 10. a4 Ne5 11. Be2 Be6 12. Be3 Rc8 13. Qc1 Bxb3 14. cxb3 Nxe4 15. Bd2 Nxd2 16. Qxd2 Qb6 17. Nd5 Qd8 18. Qb4 Rb8 19. Rac1 Nc6 20. Qa3 e6 21. Ne3 Nd4 22. Bd3 d5 23. Nc2 Qg5 24. Nxd4 Bxd4 25. Rcd1 Qf6 26. Rd2 b5 27. axb5 axb5 28. Bxb5 Bxb2 29. Qxb2 Qxb2 30. Rxb2 Rxb5 31. Rc1 Rfb8 32. Rc3 Kg7 33. Kf1 h5 34. Ke2 Rb4 35. f3 Kf6 36. h4 R8b7 37. g3 d4 38. Rd3 e5 39. Kf2 Kf5 40. Rb1 Ke6 41. Rb2 f5 42. Rb1 Kd5 43. Rb2 e4 44. fxe4+ fxe4 45. Rd1 Rxb3 46. Rxb3 Rxb3 47. Kg2 d3 48. Ra1 d2 49. Kf2 Rd3 50. Rd1 Kd4 51. Ke2 Kc3 52. Kf2 Kc2 53. Rxd2+ Rxd2+ 0-1

[Event "Popayan Yeika op 1st"]
[Site "Popayan"]
[Date "2024.10.13"]
[Round "5"]
[White "Rodriguez Zuniga, Andres Mauricio"]
[Black "Manquillo, Juan Esteban"]
[Result "0-1"]
[WhiteElo "1660"]
[BlackElo "1585"]
[PlyCount "50"]
[EventDate "2024.10.11"]
[EventType "swiss"]
[EventRounds "7"]
[EventCountry "COL"]
[SourceTitle "CB43_2024"]
[Source "Chessbase"]
[SourceDate "2024.10.23"]
[SourceVersion "1"]
[SourceVersionDate "2024.10.23"]
[SourceQuality "1"]

1. e4 c5 2. Nc3 Nc6 3. f4 e6 4. Nf3 Be7 5. Bc4 a6 6. d3 b5 7. Bb3 Na5 8. Bd2 Nxb3 9. axb3 Bb7 10. 0-0 Nf6 11. Qe2 0-0 12. Rae1 h6 13. Qf2 d5 14. e5 Nh7 15. Qg3 f5 16. Re2 d4 17. Nd1 Bd5 18. Nf2 a5 19. Nh3 a4 20. bxa4 Rxa4 21. b3 Ra2 22. Bc1 Bxb3 23. Rfe1 Rxc2 24. Rxc2 Bxc2 25. Nd2 Bh4 0-1

[Event "Popayan Yeika op 1st"]
[Site "Popayan"]
[Date "2024.10.12"]
[Round "2"]
[White "Mora Munoz, John Alexander"]
[Black "Manquillo, Juan Esteban"]
[Result "1/2-1/2"]
[WhiteElo "1770"]
[BlackElo "1585"]
[PlyCount "135"]
[EventDate "2024.10.11"]
[EventType "swiss"]
[EventRounds "7"]
[EventCountry "COL"]
[SourceTitle "CB43_2024"]
[Source "Chessbase"]
[SourceDate "2024.10.23"]
[SourceVersion "1"]
[SourceVersionDate "2024.10.23"]
[SourceQuality "1"]

1. d4 Nf6 2. Nf3 g6 3. c4 Bg7 4. g3 0-0 5. Bg2 d5 6. cxd5 Nxd5 7. 0-0 Bg4 8. Ne5 Be6 9. f4 c6 10. e4 Nb6 11. Nc3 Qc8 12. f5 Bc4 13. fxg6 hxg6 14. Nxc4 Nxc4 15. Qd3 Nb6 16. Be3 N8d7 17. e5 e6 18. Ne4 Nd5 19. Nd6 Qc7 20. Bg5 Bxe5 21. dxe5 Nxe5 22. Qa3 b5 23. Ne4 Nc4 24. Qb3 Qe5 25. Bf6 Nxf6 26. Nxf6+ Kg7 27. Qc3 Qxc3 28. bxc3 Ne3 29. Rf3 Nxg2 30. Kxg2 Rfd8 31. Raf1 Rd2+ 32. R1f2 Rxf2+ 33. Kxf2 Rd8 34. Ke2 c5 35. Ne4 Rd5 36. Rd3 Re5 37. Kf3 f5 38. Rd7+ Kh6 39. Nf6 g5 40. Rxa7 Kg6 41. Nd7 Rd5 42. Nf8+ Kf6 43. Nd7+ Kg6 44. Ke2 c4 45. Rb7 e5 46. Nf8+ Kf6 47. Rd7 Rc5 48. Rd2 Rc7 49. Rd7 Rc8 50. Nh7+ Kg6 51. h4 gxh4 52. gxh4 Rh8 53. Ng5 Rxh4 54. Nf3 Re4+ 55. Kf2 f4 56. Rd5 Kf5 57. Nd4+ Kg4 58. Nxb5 f3 59. Rd2 Rf4 60. Nd6 Rf8 61. Nxc4 Kf4 62. Ne3 Rh8 63. Nf1 e4 64. Rd4 Rg8 65. Nd2 Rg2+ 66. Kf1 Ke3 67. Nc4+ Kf4 68. Nd2 1/2-1/2